| 000 | 02787nam0a2200337 4500 | ||
|---|---|---|---|
| 001 | RU\NLR\BIBL_A\012784119 | ||
| 005 | 20220721162219.0 | ||
| 010 |
_a978-5-907555-24-2 _9500 |
||
| 021 |
_aRU _bКН-П-22-004204 _9КН-П-22-0323 |
||
| 035 | _a(NLR Aleph) 012784119 | ||
| 035 | _a(RuMoRGB)010965512 | ||
| 090 |
_a13132386 _c13132386 |
||
| 100 | _a20220512d2022 u y0rusy50 ca | ||
| 101 | 0 | _arus | |
| 102 | _aRU | ||
| 105 | _aa j 000zy | ||
| 181 | 0 |
_ai3 _baxxe |
|
| 182 | 0 | _an | |
| 200 | 1 |
_aОсобенности раскрытия и расследования преступлений против жизни и здоровья _eучебное пособие _fА. Р. Лонщакова |
|
| 203 |
_aТекст _bвизуальный _cнепосредственный |
||
| 210 |
_aКурск _cУниверситетская книга _d2022 |
||
| 215 |
_a95 с. _cил. _d20 |
||
| 320 | _aБиблиогр.: с. 91-95 и в подстроч. примеч. | ||
| 330 | _aВ учебном пособии рассматривается уголовно-правовая характеристика преступлений против жизни и здоровья; особенности организации работы следователя на различных этапах расследования преступлений против жизни и здоровья, актуальные проблемы раскрытия и расследования преступлений против жизни и здоровья. Учебное пособие направлено на формирование общепрофессиональных и профессиональных компетенций, связанных со способностью юридически правильно квалифицировать факты, события и обстоятельства; квалифицированно применять нормативные правовые акты в профессиональной деятельности; выявлять, раскрывать, предупреждать преступления против жизни и здоровья | ||
| 606 | 1 |
_aПреступления против жизни, здоровья, свободы и достоинства личности _xРасследование _yРоссийская Федерация _jУчебные издания для высших учебных заведений _2nlr_sh1 _2nlr_sh2 _3RU\NLR\AUTH\661335738 |
|
| 686 | 1 | _aХ629.431.3я73 | |
| 700 | 1 |
_aЛонщакова _bА. Р. _gАнжелла Рашитовна |
|
| 942 | _cBOOK | ||
| 980 | _aNB | ||